[Event "Barcelona Tres Peons-D 45th"]
[Site "Barcelona"]
[Date "2016.05.20"]
[Round "6.2"]
[White "Castro Lanzan, Montse"]
[Black "Moreno Rivilla, Francisco"]
[Result "0-1"]
[WhiteElo "1692"]
[BlackElo "1556"]
[PlyCount "70"]
[EventDate "2016.04.15"]
[EventType "swiss"]
[EventRounds "9"]
[EventCountry "ESP"]
[SourceTitle "EXT 2024"]
[Source "ChessBase"]
[SourceDate "2023.10.10"]
[SourceVersion "1"]
[SourceVersionDate "2023.10.10"]
[SourceQuality "1"]

1. e4 d5 2. Nc3 d4 3. Nce2 Nc6 4. Ng3 d3 5. Bxd3 e6 6. b3 Nf6 7. Bb2 Bc5 8. Qe2 Nd4 9. Qf1 Ng4 10. Nh3 Ne5 11. Ne2 Nxd3+ 12. cxd3 Nc2+ 13. Kd1 Nxa1 14. d4 Nxb3 15. axb3 Bb4 16. Nhf4 e5 17. Nd3 a5 18. Nxb4 axb4 19. Kc2 0-0 20. Qb1 f5 21. Kd1 Qg5 22. g3 f4 23. dxe5 fxg3 24. fxg3 Bh3 25. Nf4 Qg4+ 26. Kc2 Rxf4 27. gxf4 Bg2 28. Rg1 Bxe4+ 29. d3 Qe2+ 30. Kc1 Bxd3 31. e6 Bxb1 32. Rxg7+ Kf8 33. e7+ Ke8 34. Rg8+ Kxe7 35. Rxa8 Qc2# 0-1